[Event "FRA-ch U14 Girls"]
[Site "Gonfreville"]
[Date "2016.04.13"]
[Round "5.4"]
[White "Lagarde, Adeline"]
[Black "Aubert, Estee"]
[Result "0-1"]
[WhiteElo "1568"]
[BlackElo "1799"]
[PlyCount "104"]
[EventDate "2016.04.22"]
[EventType "swiss"]
[EventRounds "9"]
[EventCountry "FRA"]
[SourceTitle "EXT 2019"]
[Source "ChessBase"]
[SourceDate "2018.10.10"]
[SourceVersion "1"]
[SourceVersionDate "2018.10.10"]
[SourceQuality "1"]

1. e4 c5 2. c3 Nf6 3. e5 Nd5 4. d4 cxd4 5. cxd4 e6 6. Nf3 d6 7. Bc4 Nc6 8. 0-0 Be7 9. Qd3 0-0 10. Qe4 Qc7 11. Ng5 Bxg5 12. Bxg5 dxe5 13. Bxd5 exd5 14. Qxd5 Nxd4 15. Nd2 Bd7 16. Be7 Rfe8 17. Bd6 Qc6 18. Qxc6 Bxc6 19. Rad1 Rad8 20. Bc5 Ne2+ 21. Kh1 Nf4 22. f3 Bb5 23. Rg1 Be2 24. Bxa7 Bxd1 25. Rxd1 Nd3 26. Rb1 Nf2+ 27. Bxf2 Rxd2 28. Be1 Rd5 29. Bc3 e4 30. Re1 e3 31. g3 e2 32. Kg2 Rh5 33. f4 Rh6 34. f5 Ra6 35. a3 Ra4 36. Bb4 Re5 37. g4 Ra8 38. Bc3 Re4 39. Kf3 Rae8 40. h4 Re3+ 41. Kg2 R8e4 42. Kf2 Rh3 43. h5 Rh4 44. f6 gxf6 45. Bxf6 Rhxg4 46. Bc3 Rgf4+ 47. Kg3 Rf1 48. h6 Re3+ 49. Kg2 Rxe1 50. Bxe1 Rb3 51. Bc3 Rxc3 52. bxc3 e1Q 0-1

[Event "FRA-ch U14 Girls"]
[Site "Gonfreville"]
[Date "2016.04.12"]
[Round "4.4"]
[White "Djidjeli, Sarah"]
[Black "Lagarde, Adeline"]
[Result "1-0"]
[WhiteElo "1719"]
[BlackElo "1568"]
[PlyCount "49"]
[EventDate "2016.04.22"]
[EventType "swiss"]
[EventRounds "9"]
[EventCountry "FRA"]
[SourceTitle "EXT 2019"]
[Source "ChessBase"]
[SourceDate "2018.10.10"]
[SourceVersion "1"]
[SourceVersionDate "2018.10.10"]
[SourceQuality "1"]

1. e4 e5 2. Nf3 Nc6 3. Nc3 Nf6 4. Be2 d5 5. exd5 Nxd5 6. 0-0 Nxc3 7. bxc3 e4 8. Nd4 Nxd4 9. cxd4 Qxd4 10. Rb1 Qf6 11. d3 exd3 12. Bxd3 Be7 13. Re1 0-0 14. Bb2 Qd6 15. Be5 Qd8 16. Qf3 c6 17. Rbd1 Bd7 18. Bf5 Bb4 19. c3 Bc5 20. Rxd7 Qb6 21. Rf1 Rfe8 22. Bxh7+ Kxh7 23. Qh5+ Kg8 24. Qxf7+ Kh8 25. Qxg7# 1-0